La lucha de las lenguas (Record no. 16002)

MARC details
000 -LEADER
campo de control de longitud fija 01166nam a2200301 i 4500
001 - NÚMERO DE CONTROL
campo de control 16002
003 - IDENTIFICADOR DE NÚMERO DE CONTROL
campo de control ES-MaACL
005 - FECHA Y HORA DE LA ÚLTIMA TRANSACCIÓN
campo de control 20250624194250.0
007 - CAMPO FIJO DE DESCRIPCIÓN FÍSICA--INFORMACIÓN GENERAL
campo de control de longitud fija t|
008 - DATOS DE LONGITUD FIJA--INFORMACIÓN GENERAL
campo de control de longitud fija 000531s1995 sp ||||0| spa j
020 ## - NÚMERO INTERNACIONAL ESTÁNDAR DEL LIBRO
Número Internacional Estándar del Libro 84-7846-491-3
040 ## - FUENTE DE CATALOGACIÓN
Centro catalogador/agencia de origen M-BN
Lengua de catalogación spa
Centro/agencia transcriptor M-BN
080 ## - NÚMERO DE LA CLASIFICACIÓN DECIMAL UNIVERSAL
Número de la Clasificación Decimal Universal 860 León, Luis de 1.06
100 1# - ENTRADA PRINCIPAL--NOMBRE DE PERSONA
Nombre de persona Thompson, Colin P.
9 (RLIN) 110070
245 13 - MENCIÓN DEL TÍTULO
Título La lucha de las lenguas
Resto del título : Fray Luis de León y el Siglo de Oro en España /
Mención de responsabilidad, etc. Colin P. Thompson ; [traducción, Mª. Isabel Sáinz-Ezquerra ; revisión de la traducción, Cristina Corredor].
260 ## - PUBLICACIÓN, DISTRIBUCIÓN, ETC.
Lugar de publicación, distribución, etc. [Valladolid] :
Nombre del editor, distribuidor, etc. Consejería de Educación y Cultura,
Fecha de publicación, distribución, etc. 1995.
300 ## - DESCRIPCIÓN FÍSICA
Extensión 292 p. ;
Dimensiones 25 cm.
490 1# - MENCIÓN DE SERIE
Mención de serie Estudios de lengua y literatura
504 ## - NOTA DE BIBLIOGRAFÍA, ETC.
Nota de bibliografía, etc. Bibliografía: p. [259]-274.
600 14 - PUNTO DE ACCESO ADICIONAL DE MATERIA--NOMBRE DE PERSONA
Nombre de persona León, Luis de,
Fechas asociadas al nombre 1527-1591-
Subdivisión general Crítica e interpretación
9 (RLIN) 71582
700 1# - ENTRADA AGREGADA--NOMBRE PERSONAL
Nombre de persona Sáinz-Ezquerra, Mª Isabel.
9 (RLIN) 101598
700 1# - ENTRADA AGREGADA--NOMBRE PERSONAL
Nombre de persona Corredor, Cristina.
9 (RLIN) 40772
710 1# - ENTRADA AGREGADA--NOMBRE DE ENTIDAD CORPORATIVA
Nombre de entidad corporativa o nombre de jurisdicción como elemento de entrada Castilla y León.
Unidad subordinada Consejería de Educación y Cultura.
9 (RLIN) 2500
830 0# - PUNTO DE ACCESO ADICIONAL DE SERIE-TÍTULO UNIFORME
Título uniforme Estudios de lengua y literatura
9 (RLIN) 179645
852 ## - LOCALIZACIÓN
Ubicación ES-MaACL
Número de control de estantería L-23220
Sublocalización o colección R.128307
Holdings
Estatus retirado Estado de pérdida Estado de daño No para préstamo Biblioteca de origen Biblioteca actual Ubicación en estantería Fecha de adquisición Fuente de adquisición Total de préstamos Signatura topográfica completa Código de barras Visto por última vez Precio de reemplazo Tipo de ítem Koha
        Biblioteca del Ateneo de Madrid Biblioteca del Ateneo de Madrid Depósito 2 17/01/2008     L-23220 1016263 23/02/2023 23/02/2023 Libro impreso